000 00501nam a2200181Ia 4500
001 11305
005 20260306162818.0
008 260306t2002||||xx |||||||||||||| ||spa||
041 _aESP
082 _a985.03
_bH71
100 _aHolguín Callo, Oswaldo
_eAUT
245 0 _aPoder, corrupción y tortura en el Perú de Felipe II. El doctor Diego de Salinas (1558-1595)
260 _c2002
300 _axxxv, 352 páginas :
_c23 cm.
650 _aGEN
654 _aCHU
942 _cLIB
_dJUS
_fJUS
_2ddc
_n
999 _c11305
_d11305